Actors Playing Musicians - Statistics

General Stats
  • This quiz has been taken 42 times
  • The average score is 7 of 12
Answer Stats
Picture Answer % Correct
Jamie Foxx as Ray Charles
95%
Joaquin Phoenix as Johnny Cash
90%
Rami Malek as Freddie Mercury (Queen)
85%
Val Kilmer as Jim Morrison (The Doors)
79%
Gary Oldman as Sid Vicious (Sex Pistols)
56%
Taron Egerton as Elton John
56%
Michael Douglas as Liberace
49%
Kurt Russell as Elvis Presley
46%
Angela Bassett as Tina Turner
44%
Cate Blanchett as Bob Dylan
44%
Kristen Stewart as Joan Jett
41%
Lou Diamond Phillips as Ritchie Valens
38%
No matching quizzes found
Score Distribution
Percent of People with Each Score
Percentile by Number Answered
Your Score History
You have not taken this quiz